00383nam a2200133Ia 4500008004100000020001500041041001200056100001500068245009100083250000800174260004300182300000800225650001600233221030s9999 xx 000 0 und d a8187972099 aEnglish aR. Gaonkar 0aMicroprocessor, Architecture, Programming, & Applications with the 8085cby R. Gaonkar a5th bPenram International PubaMumbaic2012 a820 aBE Computer